East side story: knowledge, institutions, networks

Na minha lista:
Detalhes bibliográficos
Autor principal: Rehák, Štefan, 1974-
Formato: Capítulo de Livro
Idioma:inglês
Assuntos:
Tags: Adicionar Tag
Sem tags, seja o primeiro a adicionar uma tag!

MARC

LEADER 00000naa$a2200000$$$4500
001 0118177
005 20240502072325.5
041 0 |a eng 
044 |a SK 
245 1 0 |a East side story: knowledge, institutions, networks  |c Štefan Rehák 
500 |a Abstrakt 
610 2 0 |a vedomosti 
610 2 0 |a zmeny technologické 
610 2 0 |a inovácia 
610 2 0 |a krajiny tranzitívne 
100 1 |a Rehák, Štefan, 1974-